000 00386nam a2200145Ia 4500
008 220217s9999||||xx |||||||||||||| ||und||
020 _a9788173715440
082 _a621.4 SUK
100 _aSukhatme, S P
245 0 _aText book of heat transfer
250 _a4th
260 _aUniversities press
_bHydrabad
_c2012
300 _axv,396p
_b375
650 _aHEAT AND MASS TRANSFOR
999 _c184349
_d184349